000
00354pab a2200157 454500
008
180718b2008 xxu||||| |||| 00| 0 eng d
100
_a
Saran, Shyan
245
_a
Climatic change: multilateral negotiations
260
_c
2008
300
_a
p.5-7.
362
_a
Jun
650
_a
Climatic change
773
_a
Yojana
908
_a
N
909
_a
78519
999
_c
78519
_d
78519